000 01430nam a2200265 a 4500
001 000036714
005 20200930075906.0
008 120126s1972 mx a 000 0 spa d
040 _aDO-SdBNP
_bspa
_cBNPHU
041 1 7 _aspa
_heng
245 0 0 _aRiego por diques de contorno (capítulo 6, sección 15) /
_ctraductor: Ramón Palazón.
260 _aMéxico :
_bCentro Regional de Ayuda Técnica : Diana,
_c1972.
300 _a51 p. :
_bil. ;
_c24 cm.
490 0 _aIngeniería de suelos ;
_v3
500 _aA cabeza de portada: Manual de ingeniería de suelos, sección 15: riego.
500 _aEn la portada: Servicio de Conservación de Suelos, Departamento de Agricultura de los Estados Unidos de América, 3.
500 _aEn la portada: Manual nacional de ingeniería.
508 _aEditada originalmente por el Departamento de Agricultura de los Estados Unidos de América. Preparada conjuntamente por la Editorial Diana y el Centro Regional de Ayuda Técnica (RTAC), Agencia para el Desarrollo Internacional (A.I.D.), Departamento de Estado del Gobierno de los Estados Unidos de América.
534 _pTítulo original:
_tIrrigation (section 15, chapter 6). Contour-levee irrigation
650 2 4 _aRiego por diques de contorno
_963019
650 2 4 _aIngeniería de suelos
_963020
650 2 4 _aConservación de suelos
_955780
700 1 _aPalazón, Ramón,
_etrad.
_941247
830 0 _aIngeniería de suelos
_v3
_934984
999 _c36205
_d36205